000 00818nam a2200229Ii 4500
003 JO-AjNU
008 230605s9999||||xx |||||||||||||| ||und||
017 _a2004/5920
020 _a9957-29-204-5
040 _aJO-AjNU
_bara
_erda
_cJO-AjNU
041 _aara
050 1 4 _aDS571.T2 2004
100 3 _aتاليف طه، عبد الواحد ذنون,
_eauthor
_913144
245 0 0 _aالعراق في عهد الحجاج بن يوسف الثقفي من الناحية السياسية والإدارية
250 _aط1
264 3 1 _aبيروت: دار المدار الاسلامي، 2004
300 _a304ص
336 _atext
_btxt
_2rdacontent
337 _aunmediated
_bn
_2rdamedia
338 _avolume
_bnc
_2rdacarrier
650 4 _aالعراق - الحجاج بن يوسف الثقفي-تاريخ
_913145
999 _aA3194
_c6762
_d6762